000 00645nam a2200229Ia 4500
003 OSt
005 20220928141544.0
006 a|||||r|||| 00| 0
007 ta
008 220927b |||||||| |||| 00| 0 eng d
024 _a15898
037 _cTextual
040 _aSDCL
_cSDCL
_beng
041 _2eng
_aeng
082 _aX:8:(S:44)p1,N90, N2
100 _aNohria Nitin
_9500856
245 0 _aNetworks and organizations
_b Structure,form and action
260 _c1992
700 _a Eccles Robert G
_9500857
942 _hX:8:(S:44)p1,N90, N2
_cTEXL
_2CC
999 _c818273
_d818273